000 00405 a2200145 4500
005 20250627122023.0
020 _a9780176166397
082 _a657 WAR
100 _aWARREN,C.S.
245 _aAccounting Management Accounting : Canadian Edition
260 _aToronto
_bITP Nelson
300 _axiii,1354p.:ill.,tables
_bAppendix& index
_c27cm.
700 _aFESS,P. ,REEVE,J. & MALLOUK,B.
942 _2ddc
_cBKS
999 _c5621
_d5621